National Anthem of Dominica - Isle of Beauty - Statistics

General Stats
  • This quiz has been taken 6 times
  • The average score is 61 of 144
Answer Stats
Lyrics % Correct
a
83%
be
83%
and
67%
And
67%
beauty,
67%
beauty
67%
do
67%
Do
67%
Dominica,
67%
God
67%
in
67%
In
67%
Isle
67%
isle
67%
of
67%
Of
67%
the
67%
to
67%
we
67%
We
67%
green
50%
hills
50%
mountains,
50%
people
50%
Rivers,
50%
so
50%
strong
50%
sweet
50%
valleys,
50%
all
33%
All
33%
"All
33%
All".
33%
At
33%
benign
33%
blest
33%
bright,
33%
call,
33%
cheer
33%
clime
33%
delight,
33%
Each
33%
ever
33%
ev'ryone
33%
extol.
33%
fair,
33%
fair.
33%
fear.
33%
Filling
33%
firm,
33%
For
33%
for
33%
fountains,
33%
Full
33%
gaze
33%
gifts
33%
Giving
33%
godly
33%
hath
33%
Healthy
33%
healthy,
33%
land,
33%
like
33%
May
33%
must
33%
praise
33%
prosper!
33%
pure
33%
rare.
33%
rejoices,
33%
reverent
33%
rich
33%
right,
33%
seek
33%
soul.
33%
Sound
33%
surely
33%
that
33%
thee
33%
Thee
33%
these
33%
thy
33%
warms
33%
which
33%
With
33%
with
33%
wonder
33%
ye
33%
beyond
17%
Come
17%
compare.
17%
daughters
17%
daughters,
17%
flowers
17%
forward,
17%
gem
17%
hands
17%
hearts
17%
honour,
17%
Pastures
17%
sons
17%
Strive
17%
this
17%
Toil
17%
voices.
17%
spendour,
0%
No matching quizzes found
Score Distribution
Percent of People with Each Score
Percentile by Number Answered
Your Score History
You have not taken this quiz